Basic U.S. Government and History Facts - Statistics

General Stats
  • This quiz has been taken 58 times
  • The average score is 7 of 10
Answer Stats
Hint Answer % Correct
What is one of the three natural rights listed in the Declaration of Independence? Life, Liberty, Pursuit of Happiness
91%
What is one amendment that deals with voting rights? 15th, 19th, 26th
81%
How many amendments are in the U.S. Constitution? 27
81%
Who would become president if the Vice President could not? Speaker of the House
81%
What amendment separates votes for the President and Vice President? 12th
72%
What falls on the first Tuesday in November that is not the first day of the month? Election Day
72%
What was Franklin D. Roosevelt's public reform system that addressed the Great Depression called? The New Deal
66%
If something is not explicitly stated in the Constitution, who is it left up to? States
53%
What Supreme Court case established the principle of Judicial Review? Marbury vs. Madison
40%
What battle was considered the turning point in the Revolutionary War? The Battle of Saratoga
38%
No matching quizzes found
Score Distribution
Percent of People with Each Score
Percentile by Number Answered
Your Score History
You have not taken this quiz